Configuracin̤ jurd̕ica de la dignidad humana en la jurisprudencia del Tribunal Constitucional

Bibliographic Details
Main Author: Pascual Lagunas, Eulalia
Format: Unknown
Language:Spanish
Published: Barcelona : Bosch, 2009
Subjects:
Online Access:Acceso restringido

MARC

LEADER 00000ny a22000003n 4500
005 20110617150350.0
008 100805s2010 sp 000 0 spa d
020 |a 9788476988893 
035 |a 4949 
040 |a BUS  |d vLex 
090 |c 846  |d 846 
100 1 |a Pascual Lagunas, Eulalia 
245 1 0 |a Configuracin̤ jurd̕ica de la dignidad humana en la jurisprudencia del Tribunal Constitucional  |h [Recurso electrn̤ico]  |c Eulalia Pascual Lagunas 
256 |a Servicio en ln̕ea 
260 |a Barcelona :  |b Bosch,  |c 2009 
506 1 |a Contenido solo disponible en los productos indicados  |d vLex Global  |d vLex Global (Academic Edition, excluding Law Schools)  |d vLex Global (U.S. Academic Edition, Law Schools)  |d vLex Global (U.S. Academic Edition, excluding Law Schools)  |d vLex Global (Academic Edition, Law Schools) 
610 1 4 |a Espaą.  |b Tribunal Constitucional  
650 0 4 |a Derecho constitucional  
650 0 4 |a Derechos humanos  
650 0 4 |a Dignidad  
740 0 |a vLex Libros (Servicios en ln̕ea) 
856 4 0 |u http://vlex.com/source/4949  |z Acceso restringido 
942 |c BOOK 
999 0 4 |a Human Rights  |b Barcelona 
999 0 4 |a Dignidad. 
999 0 4 |a Jurisprudencia. 
999 0 4 |a Espaą.  |t Tribunal Constitucional